00313nam a2200121Ia 4500008004100000041000800041082001700049100001000066245004200076260003800118300002400156365001100180240624s9999 xx 000 0 und d aeng a658.4012 ICF aICFAI aCASE STUDIES IN BUSINESS STRATEGY III c2004aHyderabadbICFAI University a173 : p. : cm. ; 27 cRSb25